[Event "Ivanovo Region-ch"]
[Site "Ivanovo"]
[Date "2009.12.04"]
[Round "1"]
[White "Brujatsky, Evgeny"]
[Black "Mamoshin, Valery"]
[Result "1/2-1/2"]
[WhiteElo "2197"]
[BlackElo "2185"]
[PlyCount "60"]
[EventDate "2009.12.04"]
[EventType "tourn"]
[EventRounds "9"]
[EventCountry "RUS"]
[SourceTitle "EXT 2012"]
[Source "ChessBase"]
[SourceDate "2011.11.24"]
[SourceVersion "1"]
[SourceVersionDate "2011.11.24"]
[SourceQuality "1"]

1. d4 Nf6 2. c4 e6 3. Nf3 d5 4. Nc3 c5 5. cxd5 exd5 6. g3 Nc6 7. Bg2 Be6 8. 0-0 Qd7 9. Bg5 Ne4 10. Nxe4 dxe4 11. Ne5 Nxe5 12. dxe5 Bd5 13. Qc2 Qf5 14. Rfd1 Bc6 15. Qd2 f6 16. exf6 gxf6 17. Be3 h5 18. Rac1 h4 19. Rc4 hxg3 20. hxg3 Be7 21. Qc2 Qh5 22. Rxe4 Bxe4 23. Qxe4 Rd8 24. Rxd8+ Kxd8 25. Qxb7 Ke8 26. Qxa7 Kf7 27. Bf3 Qf5 28. Bg2 Qb1+ 29. Bf1 Qh7 30. Bg2 Qb1+ 1/2-1/2

[Event "Ivanovo-ch op"]
[Site "Ivanovo"]
[Date "2008.10.29"]
[Round "8"]
[White "Aminov, Zaur"]
[Black "Brujatsky, Evgeny"]
[Result "1-0"]
[WhiteElo "2165"]
[BlackElo "2192"]
[PlyCount "85"]
[EventDate "2008.10.23"]
[EventType "swiss"]
[EventRounds "9"]
[EventCountry "RUS"]
[SourceTitle "EXT 2022"]
[Source "ChessBase"]
[SourceDate "2021.10.06"]
[SourceVersion "1"]
[SourceVersionDate "2021.10.06"]
[SourceQuality "1"]

1. e4 c5 2. Nf3 d6 3. d4 cxd4 4. Nxd4 Nf6 5. Nc3 g6 6. Be3 Bg7 7. f3 0-0 8. Qd2 Nc6 9. 0-0-0 Bd7 10. g4 Qa5 11. Kb1 Rfc8 12. h4 Ne5 13. h5 Nxf3 14. Nxf3 Bxg4 15. Bg2 Rxc3 16. Qxc3 Qxc3 17. bxc3 Nxe4 18. Rd3 Nxc3+ 19. Kc1 Nxa2+ 20. Kd2 Rc8 21. hxg6 hxg6 22. Nd4 e5 23. Nb5 Nb4 24. Rc3 Nc6 25. Nxa7 Nxa7 26. Bxa7 Rxc3 27. Kxc3 e4+ 28. Bd4 d5 29. Bxg7 Kxg7 30. Kd4 Be6 31. Ke5 g5 32. Bh3 Bxh3 33. Rxh3 Kg6 34. Kxd5 g4 35. Rb3 Kf5 36. Rxb7 f6 37. c4 e3 38. c5 Kg5 39. c6 f5 40. c7 e2 41. Rb1 f4 42. c8Q f3 43. Qc7 1-0

[Event "Kostroma Volga Cup op"]
[Site "Kostroma"]
[Date "2008.07.??"]
[Round "8"]
[White "Aleshin, Oleg"]
[Black "Brujatsky, Evgeny"]
[Result "1-0"]
[WhiteElo "2374"]
[BlackElo "2168"]
[PlyCount "69"]
[EventDate "2008.07.??"]
[EventType "swiss"]
[EventRounds "9"]
[EventCountry "RUS"]
[SourceTitle "EXT 2009"]
[Source "ChessBase"]
[SourceDate "2008.11.26"]
[SourceVersion "1"]
[SourceVersionDate "2008.11.26"]
[SourceQuality "1"]

1. e4 c5 2. Nf3 d6 3. d4 cxd4 4. Nxd4 Nf6 5. Nc3 g6 6. Be3 Bg7 7. f3 0-0 8. Qd2 Nc6 9. 0-0-0 Bd7 10. g4 Rc8 11. h4 Ne5 12. h5 Nxf3 13. Nxf3 Bxg4 14. h6 Bh8 15. Be2 Re8 16. Nd4 Bd7 17. Bf3 Qa5 18. Nb3 Qa6 19. Kb1 Ng4 20. Bxg4 Bxg4 21. Rdf1 Rc4 22. Bd4 e5 23. Be3 Rec8 24. Bg5 b5 25. Qf2 f5 26. Qd2 Kf8 27. Nxb5 Rxc2 28. Qxd6+ Qxd6 29. Nxd6 R8c6 30. exf5 gxf5 31. Nxf5 Bxf5 32. Rxf5+ Ke8 33. Rhf1 Rg2 34. Rf8+ Kd7 35. Bc1 1-0

[Event "Kostroma Volga Cup op"]
[Site "Kostroma"]
[Date "2008.07.??"]
[Round "9"]
[White "Brujatsky, Evgeny"]
[Black "Mikhailov, Viacheslav"]
[Result "1-0"]
[WhiteElo "2168"]
[BlackElo "2043"]
[PlyCount "52"]
[EventDate "2008.07.??"]
[EventType "swiss"]
[EventRounds "9"]
[EventCountry "RUS"]
[SourceTitle "EXT 2009"]
[Source "ChessBase"]
[SourceDate "2008.11.26"]
[SourceVersion "1"]
[SourceVersionDate "2008.11.26"]
[SourceQuality "1"]

1. d4 Nf6 2. c4 e6 3. Nf3 d5 4. Nc3 c6 5. e3 Bb4 6. a3 Bxc3+ 7. bxc3 Qa5 8. Qc2 Ne4 9. Bb2 Nd7 10. Bd3 f5 11. 0-0 0-0 12. a4 Rf6 13. Rfc1 Rh6 14. cxd5 exd5 15. c4 Qd8 16. cxd5 cxd5 17. Qc7 Qe8 18. Ba3 Rf6 19. Rc2 Nf8 20. Rac1 h6 21. Ne5 Qxa4 22. Be7 Ne6 23. Qxc8+ Rxc8 24. Rxc8+ Kh7 25. g3 Nf4 26. Bf1 Qb3 1-0

[Event "Kostroma Volga Cup op"]
[Site "Kostroma"]
[Date "2008.07.??"]
[Round "4"]
[White "Davydiants, Eduard"]
[Black "Brujatsky, Evgeny"]
[Result "1-0"]
[WhiteElo "2034"]
[BlackElo "2168"]
[PlyCount "87"]
[EventDate "2008.07.??"]
[EventType "swiss"]
[EventRounds "9"]
[EventCountry "RUS"]
[SourceTitle "EXT 2009"]
[Source "ChessBase"]
[SourceDate "2008.11.26"]
[SourceVersion "1"]
[SourceVersionDate "2008.11.26"]
[SourceQuality "1"]

1. e4 c5 2. Nf3 d6 3. d4 cxd4 4. Nxd4 Nf6 5. Nc3 g6 6. g3 Bg7 7. Bg2 0-0 8. 0-0 Qb6 9. Nde2 Bg4 10. h3 Bc8 11. Rb1 Nc6 12. Nf4 Be6 13. Be3 Qa5 14. Qd2 Rfc8 15. Nxe6 fxe6 16. f4 Rab8 17. g4 Kh8 18. g5 Nh5 19. Kh2 e5 20. f5 Nf4 21. Kh1 Nh5 22. Qf2 Nd4 23. Bf3 Nf4 24. Bg4 Rc4 25. Rbd1 Rf8 26. Bxd4 exd4 27. Qxf4 dxc3 28. b3 Be5 29. Qf3 Rc5 30. Qf2 Qb4 31. Rde1 Qb5 32. Qh4 Kg8 33. a4 Qe8 34. Rf3 e6 35. Ref1 exf5 36. exf5 Rc7 37. fxg6 Rxf3 38. Bxf3 Qxg6 39. Bd5+ Kg7 40. Qf2 Rc8 41. Qf3 h6 42. Be4 Qe8 43. Qf5 Qg8 44. Qg6+ 1-0

[Event "Kostroma Volga Cup op"]
[Site "Kostroma"]
[Date "2008.07.??"]
[Round "6"]
[White "Nikitin, Aleksander I"]
[Black "Brujatsky, Evgeny"]
[Result "0-1"]
[WhiteElo "2060"]
[BlackElo "2168"]
[PlyCount "82"]
[EventDate "2008.07.??"]
[EventType "swiss"]
[EventRounds "9"]
[EventCountry "RUS"]
[SourceTitle "EXT 2009"]
[Source "ChessBase"]
[SourceDate "2008.11.26"]
[SourceVersion "1"]
[SourceVersionDate "2008.11.26"]
[SourceQuality "1"]

1. e4 c5 2. Nf3 d6 3. d4 cxd4 4. Nxd4 Nf6 5. Nc3 g6 6. Be3 Bg7 7. f3 0-0 8. Bc4 Nc6 9. Qd2 Bd7 10. 0-0-0 Qa5 11. g4 Ne5 12. Bb3 Rfc8 13. Nd5 Qxd2+ 14. Rxd2 Kf8 15. Bg5 Nxd5 16. exd5 a5 17. a3 b5 18. Re1 h6 19. Bh4 g5 20. Bf2 b4 21. a4 Nc4 22. Rde2 Bf6 23. Re4 Ne5 24. Kb1 Rc7 25. h4 gxh4 26. Rh1 Ng6 27. Ne2 Bg5 28. Rg1 f5 29. gxf5 Bxf5 30. Rc4 Rxc4 31. Bxc4 Kf7 32. Nd4 Bd7 33. Bb5 Bxb5 34. Nxb5 Ne5 35. Rf1 Kg6 36. Nc7 Rf8 37. Bb6 Nc4 38. Ne6 Rf5 39. Rg1 Nxb6 40. f4 Nxd5 41. fxg5 hxg5 0-1